000 00681nam a2200217Ii 4500
003 JO-AjNU
008 230605s9999||||xx |||||||||||||| ||und||
017 _a2007/8/2682
040 _aJO-AjNU
_bara
_erda
_cJO-AjNU
041 _aara
050 1 4 _aPJ7862 2008
100 3 _aتأليف شكري، رائد ياسين,
_eauthor
_949064
245 0 0 _aلا تسأليني لماذا أحبك
250 _aط1
264 3 1 _aعمان:دار ورد الأردنية للنشر والتوزيع،2008
300 _a102ص
336 _atext
_btxt
_2rdacontent
337 _aunmediated
_bn
_2rdamedia
338 _avolume
_bnc
_2rdacarrier
650 4 _aالشعر العربي
_949065
999 _aA21527
_c25095
_d25095